| 000 | 00606nam a22002177a 4500 | ||
|---|---|---|---|
| 999 |
_c262909 _d262908 |
||
| 003 | OSt | ||
| 005 | 20240219124928.0 | ||
| 008 | 240219b xxu||||| |||| 00| 0 eng d | ||
| 010 | _a2008048567 | ||
| 020 | _a9781416980063 | ||
| 020 | _a 9780857074751 (paperback) | ||
| 020 | _a1416980067 | ||
| 020 | _a 9780857074751 | ||
| 040 | _cRU | ||
| 050 |
_a PZ7 _b.R915935 2009 |
||
| 100 | _a Russell, Rachel Renee. | ||
| 245 |
_a Tales from a not-so-fabulous life / _cRachel Renée Russell. |
||
| 260 |
_aNew York : _b Aladdin, _cc2009. |
||
| 300 |
_a 282 p. : _b ill. ; _c 22 cm. |
||
| 942 |
_2lcc _cBK |
||